000 00644nam a22002057a 4500
005 20251108165541.0
008 250721s1988 xx 000 0 ara d
082 1 4 _aط/510.7834/لان
100 1 _aلانغدن، نايغل
_eمؤلف
245 1 0 _aمهارات الحاسبة /
264 1 _aبيروت :
_bالمؤسسة العربية للدراسات،
_c1988.
300 _a48ص : مص
490 0 _aأوسبورن
650 1 7 _aالرياضيات
650 1 7 _aالحواسيب
653 _aناشئون كبار (15-18) سنة
700 1 _aسعيدان، أحمد سليم
_eترجمة
942 _2ddc
_cBK
999 _c30546
_d30546